The handbook of photonics (Record no. 7887)
[ view plain ]
| 000 -LEADER | |
|---|---|
| fixed length control field | 00481 a2200169 4500 |
| 020 ## - INTERNATIONAL STANDARD BOOK NUMBER | |
| International Standard Book Number | 0849330955 |
| 040 ## - CATALOGING SOURCE | |
| Original cataloging agency | DLC |
| Language of cataloging | DLC |
| 082 ## - DEWEY DECIMAL CLASSIFICATION NUMBER | |
| Classification number | 621.36 |
| 245 04 - TITLE STATEMENT | |
| Title | The handbook of photonics |
| Statement of responsibility, etc. | edited by Mool C. Gupta, John Ballato |
| 250 ## - EDITION STATEMENT | |
| Edition statement | 2nd ed. |
| 260 ## - PUBLICATION, DISTRIBUTION, ETC. | |
| Place of publication, distribution, etc. | Boca Raton : |
| Name of publisher, distributor, etc. | CRC Press / Taylor & Francis, |
| Date of publication, distribution, etc. | c2007. |
| 300 ## - PHYSICAL DESCRIPTION | |
| Extent | 1 v. (various pagings) : |
| Other physical details | ill. ; |
| Dimensions | 27 cm. |
| 650 #0 - SUBJECT ADDED ENTRY--TOPICAL TERM | |
| Topical term or geographic name entry element | Photonics |
| 700 1# - ADDED ENTRY--PERSONAL NAME | |
| Personal name | Gupta, M. C. |
| 700 1# - ADDED ENTRY--PERSONAL NAME | |
| Personal name | Ballato, John. |
| 942 ## - ADDED ENTRY ELEMENTS (KOHA) | |
| Koha item type | Book |
| Call number prefix | 621.36 GUP |
| Source of classification or shelving scheme | |
| Withdrawn status | Lost status | Damaged status | Not for loan | Collection code | Permanent Location | Current Location | Shelving location | Date acquired | Source of acquisition | Cost, normal purchase price | Full call number | Barcode | Date last seen | Price effective from | Koha item type | Total Checkouts | Date last checked out |
|---|---|---|---|---|---|---|---|---|---|---|---|---|---|---|---|---|---|
| Central Library (CL) | Central Library (CL) | General Stacks | 05/03/2007 | Pak Book Corporation | 10823.22 | 621.36 GUP | SEECS008453 | 11/14/2012 | 01/05/2017 | Reference | |||||||
| Central Library (CL) | Central Library (CL) | General Stacks | 05/31/2007 | A & J Def Tek Concultants | 10774.26 | 621.36 GUP | SEECS008530 | 03/02/2014 | 01/05/2017 | Reference | 1 | 02/05/2014 |
